Visualizzazione normale
Vista MARC
- Hyman Dick
di Personal Name
Records bibliografici associati: 1
001 - CONTROL NUMBER
- control field: 42467
003 - CONTROL NUMBER IDENTIFIER
- control field: IT-RoPau
005 - DATE AND TIME OF LATEST TRANSACTION
- control field: 20151126222254.0
008 - FIXED-LENGTH DATA ELEMENTS
- fixed length control field: 151126|| aca||aabn | a|a d
040 ## - CATALOGING SOURCE
- Original cataloging agency: IT-RoPau
- Transcribing agency: IT-RoPau
100 ## - HEADING--PERSONAL NAME
- Personal name: Hyman Dick
- Relator term: (musica)
- Miscellaneous information: Codice Musica SPICS: 26363
670 ## - SOURCE DATA FOUND
- Source citation: Work cat.: (IT-RoPau)105627: Allen Woody Codice regista SPICS: 9980 42462, ROSA PURPUREA DEL CAIRO (LA) ROSA PURPUREA DEL CAIRO (LA) (Rif. Codice opera principale : 89094)